000 00634nam a2200229 a 4500
005 20240924070530.0
008 060404s2004 mx r 000 0 spa d
020 _a9681915348
035 _aUPN01000143747
049 _aCG
050 4 _aJC423
_bC8.6
100 1 _aCrouch, Colin,
_d1944-
245 1 0 _aPosdemocracia /
_cColin Crouch ; tr. Francisco Beltrán.
260 _aMéxico :
_bTaurus,
_c2004.
300 _a179 p.
440 0 _aPensamiento
650 4 _aDemocracia
_96020
650 4 _aGlobalización
_95377
650 2 _aParticipación política
_97706
650 4 _aELITE (CIENCIAS SOCIALES)
_99505
905 _aLibro
999 _c115894
_d115894